36 berühmte Gedichte & Verse - Statistiken

Allgemein
  • Dieses Quiz wurde 109 mal gespielt
  • Das Durchschnittsergebnis liegt bei 17 aus 36
Antwortstatistiken
Gedicht / Vers Jahr Autor % Korrekt
Erlkönig 1782 Johann Wolfgang von Goethe
99%
An den Mond 1789 Johann Wolfgang von Goethe
99%
Mephistopheles("Faust 1. Eine Tragödie" ) 1808 Johann Wolfgang von Goethe
99%
Ode an die Freude( Text der 9. Sinfonie Beethovens) 1786 Friedrich Schiller
92%
Der spielende Knabe 1795 Friedrich Schiller
92%
Der Handschuh 1797 Friedrich Schiller
92%
Das Lied von der Glocke 1799 Friedrich Schiller
92%
Deutsche Nationalhymne(3. Strophe des "Deutschlandliedes") 1841 Hoffmann von Fallersleben
66%
Lebensgruß("Junge Leiden" - "Buch der Lieder") 1821 Heinrich Heine
58%
Ein Jüngling liebt ein Mädchen("Lyrisches Intermezzo" - "Buch der Lieder") 1823 Heinrich Heine
58%
Die Loreley 1824 Heinrich Heine
58%
Wer zum 1. Male liebt("Die Heimkehr" - "Buch der Lieder") 1827 Heinrich Heine
58%
Ein Weib("Neue Gedichte: Romanzen") 1840 - 1844 Heinrich Heine
58%
Sie erlischt 1851 Heinrich Heine
58%
Frau Sorge 1851 Heinrich Heine
58%
Herbsttag 1902 Rainer Maria Rilke
54%
Der Panther 1902 Rainer Maria Rilke
54%
Das Karussell 1906 Rainer Maria Rilke
54%
Mondnacht 1837 Joseph von Eichendorff
34%
Kennst du das auch? 1901 Hermann Hesse
32%
Im Nebel 1905 Hermann Hesse
32%
Stufen("Transzendieren") 1941 Hermann Hesse
32%
Abendlied ("Der Mond ist aufgegangen") 1778 / 1779 Matthias Claudius
32%
Sachliche Romanze 1928 Erich Kästner
30%
Die unverstandene Frau 1930 Erich Kästner
30%
Die Stadt 1852 Theodor Storm
28%
Er ist's("Maler Nolten. Novelle in 2 Theilen) 1829 Eduard Mörike
25%
Das ästhetische Wiesel 1905 Christian Morgenstern
20%
Die unmögliche Tatsache(Palmström) 1910 Christian Morgenstern
20%
Die Ameisen 1912 Joachim Ringelnatz
16%
Hälfte des Lebens 1804 Friedrich Hölderlin
14%
Abreise 1811 Ludwig Uhland
11%
Ballade des äußeren Lebens 1894 Hugo von Hofmannsthal
10%
Was es ist 1983 Erich Fried
8%
Das Wiedersehen 1797 Friedrich Gottlieb Klopstock
5%
Wolken 1916 Hugo Ball
0%
Keine übereinstimmenden Quizze gefunden
Verteilung der Resultate
Anzahl Personen mit jedem Resultat
Perzentil nach korrekt beantworteten Fragen
Ihre Resultats-Entwicklung
Sie haben dieses Quiz noch nicht gespielt